|
|
|
|
| LEADER |
01088nam a22002417a 4500 |
| 003 |
GR-PaULI |
| 005 |
20230412111616.0 |
| 008 |
710629s1970 enkaf 000 0 eng |
| 952 |
|
|
|0 0
|1 0
|2 ddc
|4 0
|6 373_250000000000000_BUR
|7 0
|9 370988
|a PTDE
|b PTDE
|d 2023-04-12
|i 12511
|l 0
|o 373.25 BUR
|p 025000212705
|r 2023-04-12 00:00:00
|t 1
|w 2023-04-12
|y BK15
|z Δωρεά Σ. Παντελή
|
| 999 |
|
|
|c 213275
|d 213275
|
| 020 |
|
|
|a 0112701493
|
| 040 |
|
|
|a GR-PaULI
|b gre
|c GR-PaULI
|e AACR2
|
| 082 |
0 |
4 |
|2 23
|a 373.25
|
| 100 |
1 |
|
|a Burgess, Tyrrell
|e συγγραφέας
|9 194175
|
| 245 |
1 |
0 |
|a Inside comprehensive schools /
|c Tyrrell Burgess.
|
| 260 |
|
|
|a London :
|b Her Majesty's Stationery Office,
|c 1970.
|
| 300 |
|
|
|a [6], 204 σ. :
|b εικ. ;
|c 18 εκ.
|
| 500 |
|
|
|a "Commissioned by the Department of Education and Science ..."
|
| 504 |
|
|
|6 Περιέχει βιβλιογραφικές παραπομπές.
|
| 650 |
|
4 |
|a Λύκεια, Ενιαία
|9 194177
|x Μεγάλη Βρετανία
|
| 710 |
1 |
|
|a Great Britain.
|b Department of Education and Science
|9 194176
|
| 942 |
|
|
|2 ddc
|c BK15
|
| 998 |
|
|
|c ΤΣΕΝΕ
|d 2022-10
|